Every Exposé song that hit the Billboard hot 100 - Statistics

General Stats
  • This quiz has been taken 10 times
  • The average score is 7 of 12
Answer Stats
Peak Chart Position Year Song % Correct
1 1988 Seasons Change
100%
5 1987 Come Go With Me
86%
5 1987 Point Of No Return
71%
8 1993 I'll Never Get Over You (Getting Over Me)
57%
7 1987 Let Me Be The One
57%
8 1989 What You Don't Know
57%
84 1994 In Walked Love
43%
28 1992 I Wish The Phone Would Ring
43%
9 1990 Tell Me Why
43%
10 1989 When I Looked At Him
43%
55 1993 As Long As I Can Dream
29%
17 1990 Your Baby Never Looked Good In Blue
29%
No matching quizzes found
Score Distribution
Percent of People with Each Score
Percentile by Number Answered
Your Score History
You have not taken this quiz